| 000 | 02009nam0a22004451 4500 | ||
|---|---|---|---|
| 001 | v19\rc\1783099 | ||
| 005 | 20260406143748.0 | ||
| 035 | _a(NLR Aleph) 004899074 | ||
| 090 |
_a5354402 _c5354402 |
||
| 100 | _a20061204d1904 |||y0rusy50 ca | ||
| 101 | 1 |
_arus _cger |
|
| 102 | _aRU | ||
| 105 | _ac z ||||| | ||
| 200 | 1 |
_aВведение в современную философию _e[Лекция 1-5] _fПроф. Алоиз Риль _gПер. с нем. Л.И. Креера и Н.И. Секерина _gПод ред. и с предисл. В.В. Битнера. [1] _h1 _iОбзор истории теоретической философии |
|
| 210 |
_aСанкт-Петербург _cВ.В. Битнер _d1904 |
||
| 215 |
_a95 с. _cпортр. _d24 |
||
| 225 | 1 |
_aЭнциклопедическая библиотека для самообразования _v[1] |
|
| 300 | _a2 ч. изд. под загл.: "Современная философия. Проф. А. Риль и проф. О. Кюльпе" | ||
| 311 | _a2-е беспл. прил. к № 1 "Вестн. знания" 1904 | ||
| 422 | 0 |
_12001#$aВестник знания$v1904, № 1 _tВестник знания |
|
| 700 | 1 |
_8rus _7ca _aРиль _bА. _f1844-1924 _gАлоиз _3RU\NLR\AUTH\7788157 _971085 |
|
| 702 | 1 |
_aКреер _bЛ.И. _gЛев Ильич _4730 |
|
| 702 | 1 |
_aСекерин _bН.И. _4730 |
|
| 702 | 1 |
_4340 _4080 _8rus _7ca _aБитнер _bВ. В. _f1865-1921 _gВильгельм Вильгельмович _3RU\NLR\AUTH\773888 _9113877 |
|
| 801 | 0 |
_aRU _bNLR _gpsbo |
|
| 801 | 0 |
_aRU _bRuMoRGB _2psbo |
|
| 801 | 1 |
_aRU _bProSoft-M _2rusmarc |
|
| 852 |
_aNLR _j45/255 |
||
| 852 |
_aNLR _bМф _jК1/31685 |
||
| 899 |
_aRuMoRGB _jU 393/104 |
||
| 899 |
_aRuMoRGB _jA 291/365 |
||
| 899 |
_aRuMoRGB _jРб 33/425 |
||
| 899 |
_aRuMoRGB _jКл 67/190 |
||
| 899 |
_aRuMoRGB _jT 65/83 (1904, № 1) |
||
| 899 | _aБАН | ||
| 899 | _aНБ СПбГУ | ||
| 899 | _aГПИБ | ||
| 942 | _cBOOK | ||
| 980 | _aNB | ||